[Event "CAN-ch U10"]
[Site "Quebec"]
[Date "2018.07.03"]
[Round "3.116"]
[White "Jiang, Eric"]
[Black "Deng, Henry"]
[Result "1-0"]
[WhiteElo "1399"]
[BlackElo "929"]
[PlyCount "57"]
[EventDate "2018.07.02"]
[EventType "swiss"]
[EventRounds "7"]
[EventCountry "CAN"]
[SourceTitle "EXT 2022"]
[Source "ChessBase"]
[SourceDate "2021.10.06"]
[SourceVersion "1"]
[SourceVersionDate "2021.10.06"]
[SourceQuality "1"]

1. e4 e5 2. Nf3 Nc6 3. Bc4 Bc5 4. c3 Nf6 5. d3 h6 6. Nbd2 d6 7. a4 Bg4 8. b4 Bxf3 9. Nxf3 b5 10. Bxb5 a6 11. Bxc6+ Kf8 12. Bxa8 Qxa8 13. bxc5 dxc5 14. Ba3 Nd7 15. Qb3 f6 16. Qe6 Qd8 17. d4 exd4 18. Nxd4 a5 19. Nc6 Qc8 20. Bxc5+ Nxc5 21. Qxc8+ Kf7 22. Qxh8 Nd3+ 23. Kd2 Nxf2 24. Nd8+ Kg6 25. Qe8+ Kg5 26. Ne6+ Kg4 27. Qg6+ Kh4 28. Qg3+ Kh5 29. Nf4# 1-0